[Event "Sautron op 21th"]
[Site "Sautron"]
[Date "2014.08.30"]
[Round "3"]
[White "Martineau, Alain"]
[Black "Munkhbayar, Janjaadorj"]
[Result "0-1"]
[WhiteElo "1707"]
[BlackElo "1992"]
[PlyCount "82"]
[EventDate "2014.08.28"]
[EventType "swiss"]
[EventRounds "6"]
[EventCountry "FRA"]
[SourceTitle "EXT 2015"]
[Source "ChessBase"]
[SourceDate "2014.11.20"]
[SourceVersion "1"]
[SourceVersionDate "2014.11.20"]
[SourceQuality "1"]

1. d4 Nf6 2. c4 e6 3. Nf3 d5 4. Bg5 Be7 5. Nc3 h6 6. Bh4 0-0 7. e3 b6 8. Bd3 Bb7 9. 0-0 Nbd7 10. cxd5 exd5 11. Rc1 c5 12. Bf5 Re8 13. Ne5 Nxe5 14. dxe5 Ne4 15. Nxe4 Bxh4 16. Nd6 Rxe5 17. Nxb7 Qe7 18. Nxc5 bxc5 19. Bg4 Rd8 20. Qc2 d4 21. exd4 cxd4 22. Qc7 Qxc7 23. Rxc7 d3 24. g3 Bf6 25. Rxa7 d2 26. Bd1 Re1 27. b4 Rde8 28. Bb3 Rxf1+ 29. Kxf1 Re1+ 30. Kg2 d1Q 31. Bxd1 Rxd1 32. b5 Rd2 33. Ra8+ Kh7 34. a4 Bd4 35. Rd8 Rxf2+ 36. Kh3 Bb6 37. Rd6 Be3 38. a5 Ra2 39. a6 Rb2 40. Rd5 g5 41. g4 Bf4 0-1

[Event "Pornic op"]
[Site "Pornic"]
[Date "2011.07.??"]
[Round "1"]
[White "Martineau, Alain"]
[Black "Heymes, Jean Michel"]
[Result "0-1"]
[WhiteElo "1767"]
[BlackElo "1979"]
[PlyCount "128"]
[EventDate "2011.07.??"]
[EventType "swiss"]
[EventRounds "6"]
[EventCountry "FRA"]
[SourceTitle "EXT 2012"]
[Source "ChessBase"]
[SourceDate "2011.11.24"]
[SourceVersion "1"]
[SourceVersionDate "2011.11.24"]
[SourceQuality "1"]

1. d4 Nf6 2. c4 g6 3. Nc3 Bg7 4. e4 d6 5. Be2 0-0 6. Nf3 c5 7. d5 e6 8. 0-0 exd5 9. cxd5 Na6 10. a3 Nc7 11. h3 Re8 12. Qc2 b5 13. Bf4 b4 14. axb4 cxb4 15. Bb5 bxc3 16. Bxe8 Nfxe8 17. bxc3 Qf6 18. Bd2 h6 19. Nd4 Na6 20. Qa4 Nec7 21. f3 Nc5 22. Qa5 Qe7 23. Nc6 Qd7 24. Rfb1 N7a6 25. Ra2 Bb7 26. Nd4 Kh7 27. Rab2 Bc8 28. Nc6 Nd3 29. Rb3 Ne5 30. Nxe5 Bxe5 31. c4 Qe7 32. Be3 Qh4 33. Bf2 Qf4 34. g3 Qg5 35. f4 Bxf4 36. Rf3 Bd2 37. Qa4 Qe7 38. Qc2 Bg5 39. g4 Bd7 40. Rb7 Nc5 41. Bxc5 dxc5 42. e5 Rd8 43. Qf2 Kg8 44. d6 Qe6 45. Qxc5 Rc8 46. Qxa7 Rxc4 47. Rxd7 Rc1+ 48. Kg2 Rc2+ 49. Rf2 Qd5+ 50. Kg1 Rc1+ 51. Rf1 Rxf1+ 52. Kxf1 Qd1+ 53. Kg2 Qe2+ 54. Qf2 Qe4+ 55. Kf1 Qb1+ 56. Qe1 Qb5+ 57. Kg2 Qxd7 58. Kf3 Qc6+ 59. Qe4 Qxe4+ 60. Kxe4 Kf8 61. Kd5 Ke8 62. Kc6 Kd8 63. d7 Bf4 64. Kd6 Bg3 0-1

[Event "Rohde op 10th"]
[Site "Sautron"]
[Date "2010.10.27"]
[Round "6"]
[White "Machiels, Etienne"]
[Black "Martineau, Alain"]
[Result "1-0"]
[WhiteElo "1460"]
[BlackElo "1753"]
[PlyCount "44"]
[EventDate "2010.10.23"]
[EventType "swiss"]
[EventRounds "9"]
[EventCountry "FRA"]
[SourceTitle "EXT 2012"]
[Source "ChessBase"]
[SourceDate "2011.11.24"]
[SourceVersion "1"]
[SourceVersionDate "2011.11.24"]
[SourceQuality "1"]

1. e4 e5 2. Nf3 Nc6 3. d4 exd4 4. Nxd4 Nf6 5. Nxc6 bxc6 6. e5 Qe7 7. Qe2 Nd5 8. c4 Nb6 9. b3 Qe6 10. Bb2 Bb4+ 11. Bc3 Bxc3+ 12. Nxc3 0-0 13. g3 Re8 14. f4 Bb7 15. Bg2 d5 16. exd6 Qxd6 17. Ne4 f5 18. Nxd6 Rxe2+ 19. Kxe2 cxd6 20. Rad1 d5 21. cxd5 cxd5 22. Kf2 Rc8 1-0